<?xml version="1.0" encoding="UTF-8"?>
<marc:record xmlns:marc="http://www.loc.gov/MARC21/slim" type="Bibliographic">
   <marc:leader>00000pim a2200000 c 4500</marc:leader>
   <marc:controlfield tag="001">986009563</marc:controlfield>
   <marc:controlfield tag="003">DE-101</marc:controlfield>
   <marc:controlfield tag="005">20171202045237.0</marc:controlfield>
   <marc:controlfield tag="007">sd||||||||||||</marc:controlfield>
   <marc:controlfield tag="007">co||||||||||||</marc:controlfield>
   <marc:controlfield tag="008">071012s2007    gw |||||q|||||||||||ger  </marc:controlfield>
   <marc:datafield ind1=" " ind2=" " tag="015">
      <marc:subfield code="a">08,A02,1437</marc:subfield>
      <marc:subfield code="z">07,N45,0922</marc:subfield>
      <marc:subfield code="2">dnb</marc:subfield>
   </marc:datafield>
   <marc:datafield ind1="7" ind2=" " tag="016">
      <marc:subfield code="2">DE-101</marc:subfield>
      <marc:subfield code="a">986009563</marc:subfield>
   </marc:datafield>
   <marc:datafield ind1=" " ind2=" " tag="020">
      <marc:subfield code="a">9783866047877</marc:subfield>
      <marc:subfield code="c">: EUR 24.95 (DE, freier Pr.), EUR 24.95 (AT, freier Pr.), sfr 44.90 (freier Pr.)</marc:subfield>
      <marc:subfield code="9">978-3-86604-787-7</marc:subfield>
   </marc:datafield>
   <marc:datafield ind1=" " ind2=" " tag="020">
      <marc:subfield code="a">3866047878</marc:subfield>
      <marc:subfield code="c">: EUR 24.95 (DE, freier Pr.), EUR 24.95 (AT, freier Pr.), sfr 44.90 (freier Pr.)</marc:subfield>
      <marc:subfield code="9">3-86604-787-8</marc:subfield>
   </marc:datafield>
   <marc:datafield ind1="3" ind2=" " tag="024">
      <marc:subfield code="a">9783866047877</marc:subfield>
   </marc:datafield>
   <marc:datafield ind1=" " ind2=" " tag="035">
      <marc:subfield code="a">(DE-599)DNB986009563</marc:subfield>
   </marc:datafield>
   <marc:datafield ind1=" " ind2=" " tag="035">
      <marc:subfield code="a">(OCoLC)723947710</marc:subfield>
   </marc:datafield>
   <marc:datafield ind1=" " ind2=" " tag="040">
      <marc:subfield code="a">1145</marc:subfield>
      <marc:subfield code="b">ger</marc:subfield>
      <marc:subfield code="c">DE-101</marc:subfield>
      <marc:subfield code="d">9999</marc:subfield>
   </marc:datafield>
   <marc:datafield ind1=" " ind2=" " tag="041">
      <marc:subfield code="a">ger</marc:subfield>
      <marc:subfield code="h">eng</marc:subfield>
   </marc:datafield>
   <marc:datafield ind1=" " ind2=" " tag="044">
      <marc:subfield code="c">XA-DE-NW</marc:subfield>
   </marc:datafield>
   <marc:datafield ind1="7" ind2="4" tag="082">
      <marc:subfield code="a">810</marc:subfield>
      <marc:subfield code="a">B</marc:subfield>
      <marc:subfield code="q">DE-101</marc:subfield>
      <marc:subfield code="2">22sdnb</marc:subfield>
   </marc:datafield>
   <marc:datafield ind1="0" ind2="0" tag="245">
      <marc:subfield code="a">Touchdown</marc:subfield>
      <marc:subfield code="b">Belletristik, Lesung ; gekürzte Lesung</marc:subfield>
      <marc:subfield code="c">John Grisham. Gelesen von Charles Brauer. Aus dem Amerikan. von Karsten Singlemann. Regie: Oliver Versch</marc:subfield>
   </marc:datafield>
   <marc:datafield ind1=" " ind2=" " tag="250">
      <marc:subfield code="a">Gekürzte Lesefassung</marc:subfield>
      <marc:subfield code="b"> / Joachim Hoell</marc:subfield>
   </marc:datafield>
   <marc:datafield ind1=" " ind2=" " tag="259">
      <marc:subfield code="a">gel</marc:subfield>
   </marc:datafield>
   <marc:datafield ind1=" " ind2="1" tag="264">
      <marc:subfield code="a">[Köln]</marc:subfield>
      <marc:subfield code="b">Random House Audio</marc:subfield>
      <marc:subfield code="a">[Hamburg]</marc:subfield>
      <marc:subfield code="b">Edel Distribution GmbH [Vertrieb]</marc:subfield>
      <marc:subfield code="c">2007</marc:subfield>
   </marc:datafield>
   <marc:datafield ind1=" " ind2=" " tag="300">
      <marc:subfield code="a">6 CDs</marc:subfield>
      <marc:subfield code="c">12 cm, in Behältnis 13 x 15 x 3 cm</marc:subfield>
      <marc:subfield code="e">Booklet ([8] S.)</marc:subfield>
   </marc:datafield>
   <marc:datafield ind1=" " ind2=" " tag="336">
      <marc:subfield code="a">gesprochenes Wort</marc:subfield>
      <marc:subfield code="b">spw</marc:subfield>
      <marc:subfield code="2">rdacontent</marc:subfield>
   </marc:datafield>
   <marc:datafield ind1=" " ind2=" " tag="337">
      <marc:subfield code="a">audio</marc:subfield>
      <marc:subfield code="b">s</marc:subfield>
      <marc:subfield code="2">rdamedia</marc:subfield>
   </marc:datafield>
   <marc:datafield ind1=" " ind2=" " tag="338">
      <marc:subfield code="a">Audiodisk</marc:subfield>
      <marc:subfield code="b">sd</marc:subfield>
      <marc:subfield code="2">rdacarrier</marc:subfield>
   </marc:datafield>
   <marc:datafield ind1=" " ind2="7" tag="650">
      <marc:subfield code="0">(DE-588)4048755-6</marc:subfield>
      <marc:subfield code="0">http://d-nb.info/gnd/4048755-6</marc:subfield>
      <marc:subfield code="0">(DE-101)040487555</marc:subfield>
      <marc:subfield code="a">Rechtsanwalt</marc:subfield>
      <marc:subfield code="2">gnd</marc:subfield>
   </marc:datafield>
   <marc:datafield ind1=" " ind2="7" tag="650">
      <marc:subfield code="0">(DE-588)4073274-5</marc:subfield>
      <marc:subfield code="0">http://d-nb.info/gnd/4073274-5</marc:subfield>
      <marc:subfield code="0">(DE-101)040732746</marc:subfield>
      <marc:subfield code="a">Karriere</marc:subfield>
      <marc:subfield code="2">gnd</marc:subfield>
   </marc:datafield>
   <marc:datafield ind1=" " ind2="7" tag="650">
      <marc:subfield code="0">(DE-588)4048770-2</marc:subfield>
      <marc:subfield code="0">http://d-nb.info/gnd/4048770-2</marc:subfield>
      <marc:subfield code="0">(DE-101)040487709</marc:subfield>
      <marc:subfield code="a">Rechtsberatung</marc:subfield>
      <marc:subfield code="2">gnd</marc:subfield>
   </marc:datafield>
   <marc:datafield ind1=" " ind2="7" tag="650">
      <marc:subfield code="0">(DE-588)4187060-8</marc:subfield>
      <marc:subfield code="0">http://d-nb.info/gnd/4187060-8</marc:subfield>
      <marc:subfield code="0">(DE-101)041870603</marc:subfield>
      <marc:subfield code="a">Unterprivilegierter</marc:subfield>
      <marc:subfield code="2">gnd</marc:subfield>
   </marc:datafield>
   <marc:datafield ind1=" " ind2="7" tag="650">
      <marc:subfield code="0">(DE-588)4154973-9</marc:subfield>
      <marc:subfield code="0">http://d-nb.info/gnd/4154973-9</marc:subfield>
      <marc:subfield code="0">(DE-101)041549732</marc:subfield>
      <marc:subfield code="a">American Football</marc:subfield>
      <marc:subfield code="2">gnd</marc:subfield>
   </marc:datafield>
   <marc:datafield ind1=" " ind2="7" tag="650">
      <marc:subfield code="0">(DE-588)4182266-3</marc:subfield>
      <marc:subfield code="0">http://d-nb.info/gnd/4182266-3</marc:subfield>
      <marc:subfield code="0">(DE-101)041822668</marc:subfield>
      <marc:subfield code="a">Spieler</marc:subfield>
      <marc:subfield code="2">gnd</marc:subfield>
   </marc:datafield>
   <marc:datafield ind1=" " ind2="7" tag="650">
      <marc:subfield code="0">(DE-588)4212950-3</marc:subfield>
      <marc:subfield code="0">http://d-nb.info/gnd/4212950-3</marc:subfield>
      <marc:subfield code="0">(DE-101)042129508</marc:subfield>
      <marc:subfield code="a">Amerikaner</marc:subfield>
      <marc:subfield code="2">gnd</marc:subfield>
   </marc:datafield>
   <marc:datafield ind1=" " ind2="7" tag="651">
      <marc:subfield code="0">(DE-588)4064682-8</marc:subfield>
      <marc:subfield code="0">http://d-nb.info/gnd/4064682-8</marc:subfield>
      <marc:subfield code="0">(DE-101)040646823</marc:subfield>
      <marc:subfield code="a">Washington, DC</marc:subfield>
      <marc:subfield code="2">gnd</marc:subfield>
   </marc:datafield>
   <marc:datafield ind1=" " ind2="7" tag="651">
      <marc:subfield code="0">(DE-588)4027833-5</marc:subfield>
      <marc:subfield code="0">http://d-nb.info/gnd/4027833-5</marc:subfield>
      <marc:subfield code="0">(DE-101)040278336</marc:subfield>
      <marc:subfield code="a">Italien</marc:subfield>
      <marc:subfield code="2">gnd</marc:subfield>
   </marc:datafield>
   <marc:datafield ind1=" " ind2=" " tag="653">
      <marc:subfield code="a">(VLB-PF)AC: Audio-CD</marc:subfield>
   </marc:datafield>
   <marc:datafield ind1=" " ind2=" " tag="653">
      <marc:subfield code="a">(VLB-PG)SD400: Audio-CD</marc:subfield>
   </marc:datafield>
   <marc:datafield ind1=" " ind2=" " tag="653">
      <marc:subfield code="a">(VLB-WN)5110: AUDIO/Belletristik/Erzählende Literatur</marc:subfield>
   </marc:datafield>
   <marc:datafield ind1=" " ind2="7" tag="655">
      <marc:subfield code="0">(DE-588)4522869-3</marc:subfield>
      <marc:subfield code="0">http://d-nb.info/gnd/4522869-3</marc:subfield>
      <marc:subfield code="0">(DE-101)955174880</marc:subfield>
      <marc:subfield code="a">CD</marc:subfield>
      <marc:subfield code="2">gnd-carrier</marc:subfield>
   </marc:datafield>
   <marc:datafield ind1=" " ind2="7" tag="655">
      <marc:subfield code="0">(DE-588)1071854844</marc:subfield>
      <marc:subfield code="0">http://d-nb.info/gnd/1071854844</marc:subfield>
      <marc:subfield code="0">(DE-101)1071854844</marc:subfield>
      <marc:subfield code="a">Fiktionale Darstellung</marc:subfield>
      <marc:subfield code="2">gnd-content</marc:subfield>
   </marc:datafield>
   <marc:datafield ind1=" " ind2="7" tag="655">
      <marc:subfield code="a">Belletristische Darstellung</marc:subfield>
      <marc:subfield code="2">gnd</marc:subfield>
   </marc:datafield>
   <marc:datafield ind1=" " ind2="7" tag="655">
      <marc:subfield code="a">CD</marc:subfield>
      <marc:subfield code="2">gnd</marc:subfield>
   </marc:datafield>
   <marc:datafield ind1=" " ind2="7" tag="655">
      <marc:subfield code="a">Belletristische Darstellung</marc:subfield>
      <marc:subfield code="2">gnd</marc:subfield>
   </marc:datafield>
   <marc:datafield ind1=" " ind2="7" tag="655">
      <marc:subfield code="a">CD</marc:subfield>
      <marc:subfield code="2">gnd</marc:subfield>
   </marc:datafield>
   <marc:datafield ind1=" " ind2="7" tag="655">
      <marc:subfield code="0">(DE-101)1010874802</marc:subfield>
      <marc:subfield code="a">Krimis, Thriller, Spionage</marc:subfield>
      <marc:subfield code="2">gatbeg</marc:subfield>
   </marc:datafield>
   <marc:datafield ind1="0" ind2="0" tag="689">
      <marc:subfield code="0">(DE-588)4064682-8</marc:subfield>
      <marc:subfield code="0">http://d-nb.info/gnd/4064682-8</marc:subfield>
      <marc:subfield code="0">(DE-101)040646823</marc:subfield>
      <marc:subfield code="D">g</marc:subfield>
      <marc:subfield code="a">Washington, DC</marc:subfield>
   </marc:datafield>
   <marc:datafield ind1="0" ind2="1" tag="689">
      <marc:subfield code="0">(DE-588)4048755-6</marc:subfield>
      <marc:subfield code="0">http://d-nb.info/gnd/4048755-6</marc:subfield>
      <marc:subfield code="0">(DE-101)040487555</marc:subfield>
      <marc:subfield code="D">s</marc:subfield>
      <marc:subfield code="a">Rechtsanwalt</marc:subfield>
   </marc:datafield>
   <marc:datafield ind1="0" ind2="2" tag="689">
      <marc:subfield code="0">(DE-588)4073274-5</marc:subfield>
      <marc:subfield code="0">http://d-nb.info/gnd/4073274-5</marc:subfield>
      <marc:subfield code="0">(DE-101)040732746</marc:subfield>
      <marc:subfield code="D">s</marc:subfield>
      <marc:subfield code="a">Karriere</marc:subfield>
   </marc:datafield>
   <marc:datafield ind1="0" ind2="3" tag="689">
      <marc:subfield code="0">(DE-588)4048770-2</marc:subfield>
      <marc:subfield code="0">http://d-nb.info/gnd/4048770-2</marc:subfield>
      <marc:subfield code="0">(DE-101)040487709</marc:subfield>
      <marc:subfield code="D">s</marc:subfield>
      <marc:subfield code="a">Rechtsberatung</marc:subfield>
   </marc:datafield>
   <marc:datafield ind1="0" ind2="4" tag="689">
      <marc:subfield code="0">(DE-588)4187060-8</marc:subfield>
      <marc:subfield code="0">http://d-nb.info/gnd/4187060-8</marc:subfield>
      <marc:subfield code="0">(DE-101)041870603</marc:subfield>
      <marc:subfield code="D">s</marc:subfield>
      <marc:subfield code="a">Unterprivilegierter</marc:subfield>
   </marc:datafield>
   <marc:datafield ind1="0" ind2="5" tag="689">
      <marc:subfield code="A">f</marc:subfield>
      <marc:subfield code="a">Belletristische Darstellung</marc:subfield>
   </marc:datafield>
   <marc:datafield ind1="0" ind2="6" tag="689">
      <marc:subfield code="A">f</marc:subfield>
      <marc:subfield code="a">CD</marc:subfield>
   </marc:datafield>
   <marc:datafield ind1="0" ind2=" " tag="689">
      <marc:subfield code="5">DE-101</marc:subfield>
      <marc:subfield code="5">DE-101</marc:subfield>
   </marc:datafield>
   <marc:datafield ind1="1" ind2="0" tag="689">
      <marc:subfield code="0">(DE-588)4027833-5</marc:subfield>
      <marc:subfield code="0">http://d-nb.info/gnd/4027833-5</marc:subfield>
      <marc:subfield code="0">(DE-101)040278336</marc:subfield>
      <marc:subfield code="D">g</marc:subfield>
      <marc:subfield code="a">Italien</marc:subfield>
   </marc:datafield>
   <marc:datafield ind1="1" ind2="1" tag="689">
      <marc:subfield code="0">(DE-588)4154973-9</marc:subfield>
      <marc:subfield code="0">http://d-nb.info/gnd/4154973-9</marc:subfield>
      <marc:subfield code="0">(DE-101)041549732</marc:subfield>
      <marc:subfield code="D">s</marc:subfield>
      <marc:subfield code="a">American Football</marc:subfield>
   </marc:datafield>
   <marc:datafield ind1="1" ind2="2" tag="689">
      <marc:subfield code="0">(DE-588)4182266-3</marc:subfield>
      <marc:subfield code="0">http://d-nb.info/gnd/4182266-3</marc:subfield>
      <marc:subfield code="0">(DE-101)041822668</marc:subfield>
      <marc:subfield code="D">s</marc:subfield>
      <marc:subfield code="a">Spieler</marc:subfield>
   </marc:datafield>
   <marc:datafield ind1="1" ind2="3" tag="689">
      <marc:subfield code="0">(DE-588)4212950-3</marc:subfield>
      <marc:subfield code="0">http://d-nb.info/gnd/4212950-3</marc:subfield>
      <marc:subfield code="0">(DE-101)042129508</marc:subfield>
      <marc:subfield code="D">s</marc:subfield>
      <marc:subfield code="a">Amerikaner</marc:subfield>
   </marc:datafield>
   <marc:datafield ind1="1" ind2="4" tag="689">
      <marc:subfield code="A">f</marc:subfield>
      <marc:subfield code="a">Belletristische Darstellung</marc:subfield>
   </marc:datafield>
   <marc:datafield ind1="1" ind2="5" tag="689">
      <marc:subfield code="A">f</marc:subfield>
      <marc:subfield code="a">CD</marc:subfield>
   </marc:datafield>
   <marc:datafield ind1="1" ind2=" " tag="689">
      <marc:subfield code="5">DE-101</marc:subfield>
      <marc:subfield code="5">DE-101</marc:subfield>
   </marc:datafield>
   <marc:datafield ind1="1" ind2=" " tag="700">
      <marc:subfield code="0">(DE-588)119521407</marc:subfield>
      <marc:subfield code="0">http://d-nb.info/gnd/119521407</marc:subfield>
      <marc:subfield code="0">(DE-101)119521407</marc:subfield>
      <marc:subfield code="a">Grisham, John</marc:subfield>
      <marc:subfield code="d">1955-</marc:subfield>
      <marc:subfield code="e">Mitwirkender</marc:subfield>
      <marc:subfield code="4">ctb</marc:subfield>
   </marc:datafield>
   <marc:datafield ind1="1" ind2=" " tag="700">
      <marc:subfield code="0">(DE-588)121008444</marc:subfield>
      <marc:subfield code="0">http://d-nb.info/gnd/121008444</marc:subfield>
      <marc:subfield code="0">(DE-101)121008444</marc:subfield>
      <marc:subfield code="a">Brauer, Charles</marc:subfield>
      <marc:subfield code="d">1935-</marc:subfield>
      <marc:subfield code="e">Mitwirkender</marc:subfield>
      <marc:subfield code="4">ctb</marc:subfield>
   </marc:datafield>
   <marc:datafield ind1="1" ind2=" " tag="700">
      <marc:subfield code="0">(DE-588)1049898125</marc:subfield>
      <marc:subfield code="0">http://d-nb.info/gnd/1049898125</marc:subfield>
      <marc:subfield code="0">(DE-101)1049898125</marc:subfield>
      <marc:subfield code="a">Versch, Oliver</marc:subfield>
      <marc:subfield code="d">1970-</marc:subfield>
      <marc:subfield code="e">Mitwirkender</marc:subfield>
      <marc:subfield code="4">ctb</marc:subfield>
   </marc:datafield>
   <marc:datafield ind1="1" ind2=" " tag="700">
      <marc:subfield code="0">(DE-588)122577973</marc:subfield>
      <marc:subfield code="0">http://d-nb.info/gnd/122577973</marc:subfield>
      <marc:subfield code="0">(DE-101)122577973</marc:subfield>
      <marc:subfield code="a">Hoell, Joachim</marc:subfield>
      <marc:subfield code="d">1966-</marc:subfield>
      <marc:subfield code="e">Mitwirkender</marc:subfield>
      <marc:subfield code="4">ctb</marc:subfield>
   </marc:datafield>
   <marc:datafield ind1="0" ind2="2" tag="730">
      <marc:subfield code="a">Playing for pizza</marc:subfield>
      <marc:subfield code="g">dt.</marc:subfield>
   </marc:datafield>
   <marc:datafield ind1=" " ind2=" " tag="850">
      <marc:subfield code="a">DE-101a</marc:subfield>
      <marc:subfield code="a">DE-101b</marc:subfield>
   </marc:datafield>
   <marc:datafield ind1="4" ind2="2" tag="856">
      <marc:subfield code="m">X:MVB</marc:subfield>
      <marc:subfield code="q">text/html</marc:subfield>
      <marc:subfield code="u">http://deposit.dnb.de/cgi-bin/dokserv?id=3013869&amp;prov=M&amp;dok_var=1&amp;dok_ext=htm</marc:subfield>
      <marc:subfield code="3">Inhaltstext</marc:subfield>
   </marc:datafield>
   <marc:datafield ind1="r" ind2=" " tag="925">
      <marc:subfield code="a">ra</marc:subfield>
   </marc:datafield>
</marc:record>
